Does It Rhyme? #2 - Statistics

General Stats
  • This quiz has been taken 24 times
  • The average score is 24 of 30
Answer Stats
Hint Answer % Correct
Liver | Driver No rhyme
100%
Bait | Freight Rhyme
100%
Skiing | Being Rhyme
100%
Money | Phoney No rhyme
95%
Reed | Thread No rhyme
95%
Fleece | Lease Rhyme
95%
Shuffle | Duffel Rhyme
95%
Thorough | Borough Rhyme
95%
Olive | Five No rhyme
91%
Host | Lost No rhyme
91%
Thyme | Climb Rhyme
91%
Paced | Waste Rhyme
91%
Chute | Beirut Rhyme
91%
Murder | Girder Rhyme
91%
Nigh | Guy Rhyme
91%
Vein | Deign Rhyme
91%
Rind | Kind Rhyme
91%
Assign | Stein Rhyme
86%
Croquet | Rocket No rhyme
82%
Oud | Flood No rhyme
82%
Leicester | Chester Rhyme
82%
Smoke | Folk Rhyme
82%
Use | Louse No rhyme
77%
Wean | Opine No rhyme
77%
Fruit | Soot No rhyme
59%
Risqué | Whisky No rhyme
45%
China | Miner Rhyme
41%
German | Vermin No rhyme
27%
Quart | Bought Rhyme
27%
Toxic | Coccyx No rhyme
23%
No matching quizzes found
Score Distribution
Percent of People with Each Score
Percentile by Number Answered
Your Score History
You have not taken this quiz